Gaming Quiz

Random Gaming Quiz
Score 0/104 Timer 10:00
0 Plays Today
Robot Master Robot Master % Correct
DLN001Mega Man
91.6%
DLN000Proto Man
86.6%
DLN003Cut Man
86.6%
DLN005Ice Man
86.6%
DLN004Guts Man
84.9%
DLN007Fire Man
84.9%
DLN002Roll
83.2%
DLN006Bomb Man
83.2%
DLN008Elec Man
82.4%
DWN009Metal Man
79.8%
DWN016Wood Man
79.8%
DWN010Air Man
79%
DWN013Crash Man
79%
DWN014Flash Man
79%
DWN022Snake Man
79%
DWN012Quick Man
76.5%
DWN015Heat Man
76.5%
DLN00ATime Man
75.6%
DWN024Shadow Man
75.6%
DLN00BOil Man
73.9%
DWN 011Bubble Man
73.9%
DWN021Top Man
72.3%
DWN026Toad Man
72.3%
DWN019Gemini Man
71.4%
DWN067SplashWoman
71.4%
DWN032Skull Man
70.6%
DWN018Magnet Man
68.9%
DWN020Hard Man
68.9%
DWN031Dive Man
68.9%
DWN023Spark Man
68.9%
DWN017Needle Man
68.1%
DWN060Clown Man
68.1%
DWN025Bright Man
65.5%
DWN047Wind Man
65.5%
DWN029Ring Man
64.7%
Robot Master Robot Master % Correct
DWN056Turbo Man
64.7%
DWN027Drill Man
63.9%
DWN042Centaur Man
63.9%
DWN044Knight Man
63.9%
DWN045Plant Man
63.9%
DWN048Yamato Man
63.9%
DWN049Freeze Man
63.9%
DWN054Slash man
63.9%
DWN055Shade Man
63.9%
DWN059Sword Man
63.9%
DWN053Spring Man
63.9%
SWN001Bass
63%
DWN038Charge Man
62.2%
DWN030Dust Man
61.3%
DWN037Star Man
61.3%
DWN041Blizzard Man
61.3%
DWN043Flame Man
61.3%
DWN046Tomahawk Man
61.3%
DWN050Junk Man
61.3%
DWN057Tengu Man
61.3%
DWN052Cloud Man
60.5%
DWN034Wave Man
59.7%
DWN064Aqua Man
59.7%
DWN071Magma Man
59.7%
DWN077Sheep Man
59.7%
DWN040Crystal Man
58.8%
DWN063Grenade Man
58.8%
DWN072Galaxy Man
58.8%
DWN033Gravity Man
58%
DWN051Burst Man
58%
DWN058Astro Man
58%
KGN004Pirate Man
58%
DWN039Napalm Man
57.1%
DWN061Search Man
57.1%
DWN062Frost Man
57.1%
Robot Master Robot Master % Correct
DWN036Gyro Man
55.5%
KGN006Magic Man
55.5%
DWN066Tornado Man
54.6%
DWN070Hornet Man
54.6%
DWN079Nitro Man
54.6%
DWN035Stone Man
53.8%
DWN065Concrete Man
53.8%
KGN005Burner Man
53.8%
DWN073Blade Man
52.1%
DWN076Chill Man
52.1%
DWN078Strike Man
51.3%
KGN001Dynamo Man
51.3%
KGN002Cold Man
51.3%
DWN028Pharoah Man
50.4%
DWN068Plug Man
50.4%
DWN075Commando Man
50.4%
DWN080Solar Man
50.4%
DWN074Pump Man
49.6%
DWN069Jewel Man
48.7%
SRN004Mars
48.7%
SRN006Saturn
48.7%
SRN007Uranus
48.7%
SRN008Pluto
48.7%
KGN003Ground Man
47.9%
SRN002Mercury
47.9%
SRN003Venus
47.1%
SRN005Jupiter
47.1%
SRN009Neptune
47.1%
SRN001Terra
43.7%
DWN∞Zero
41.2%
WWN01Buster Rod G
31.1%
WWN03Hyper Storm H
29.4%
WWN02Mega Water S
26.9%
NWN001Ra Thor
15.1%
Remove Ads.
Support Sporcle.
Get the best of Sporcle when you Go Orange. This ad-free experience offers more features, more stats, and more fun while also helping to support Sporcle. Thank you for becoming a member.

You're not logged in!

Compare scores with friends on all Sporcle quizzes.
OR
Log In

Show Comments

Extras

Created Dec 28, 2014ReportNominate
Tags:Master, Megaman, robot

Top Quizzes Today


Score Distribution

Your Account Isn't Verified!

In order to create a playlist on Sporcle, you need to verify the email address you used during registration. Go to your Sporcle Settings to finish the process.

Report this User

Report this user for behavior that violates our Community Guidelines.

Details: